| 000 | 01141nam a22003377a 4500 | ||
|---|---|---|---|
| 003 | CHAP | ||
| 005 | 20220817044522.0 | ||
| 008 | 120504s1979 it r 00010 spa d | ||
| 010 | _a103127 | ||
| 011 | _a104099 | ||
| 035 | _a114788 | ||
| 040 | _cCHAP | ||
| 090 | _aFolleto 18177 | ||
| 110 | 2 | _aFAO | |
| 245 | 1 | 0 |
_aAspectos a considerar en la organización y realizacion de una mesa redonda, PAFT _c/por FAO |
| 260 |
_aRoma : _bFAO, _c1988 |
||
| 300 | _a13 p. | ||
| 590 |
_aBATCH-UPD _b10 _c20130110 _lUCH01 _h1328 |
||
| 590 |
_aBATCH-UPD _b10 _c20130410 _lUCH01 _h0834 |
||
| 590 |
_aBATCH-UPD _b10 _c20130914 _lUCH01 _h0725 |
||
| 590 |
_aCONVERSION _b10 _c20130109 _lUCH01 _h1357 |
||
| 650 | 1 | 4 |
_aBosques _xAspectos económicos. _914058 |
| 650 | 1 | 4 |
_aDesarrollo forestal. _932059 |
| 650 | 1 | 4 |
_aOrganización. _983533 |
| 650 | 1 | 4 |
_aPolítica forestal. _990563 |
| 901 | _aBK | ||
| 942 | _cFOLL | ||
| 949 |
_aFolleto 18177 _bBC _cFAO _d33724002102488 _eFAO2 _fc.3 _i114788 _sb |
||
| 949 |
_aFolleto 18177 _bBC _cFAO _d33724002333488 _eFAO1 _gDonaciØn _i114788 _sb |
||
| 949 |
_aFolleto 18177 _bBC _cFAO _d33724002333520 _eFAO2 _fc.2 _gDonaciØn _i114788 _sb |
||
| 999 |
_c103127 _d103127 |
||